Quick Pick: Sherlock Holmes Titles Quiz Stats

 Plays Quiz Updated Mar 15, 2018

Challenge
Share
Tweet
Embed
Score 0/10 Timer 01:30
3 Plays Today
% Correct
A Study in Scarlet
87.6%
A Scandal in Bohemia
80.3%
The Five Orange Pips
66.3%
The Adventure of the Empty House
61.5%
The Adventure of the Missing Three-Quarter
60.6%
A Case of Identity
60.1%
The Adventure of the Yellow Face
50.5%
The Adventure of the 'Gloria Scott'
45.1%
The Adventures of the Three Students
43.4%
The Adventure of Black Peter
42.3%

Today's Daily Dose

Missing Word
Witch Songs

Word Ladder
Alabama

Quick Pick
Fanta Flavors

On This Day
October 15th II

You're not logged in!

Compare scores with friends on all Sporcle quizzes.
Join for Free
OR
Log In

You Might Also Like...

Show Comments

Extras

Top Quizzes Today


Score Distribution

Your Account Isn't Verified!

In order to create a playlist on Sporcle, you need to verify the email address you used during registration. Go to your Sporcle Settings to finish the process.

Report this User

Report this user for behavior that violates our Community Guidelines.

Details: